Normal view MARC view
  • Ibrahim, Afshan, Shabbir,Ahmar, Taqdees,Aniqa, Sohail,Fatima Raza,Nabeel, Ali,Sajid, Khalid,Jawad & Umer,Zainab

Entry Personal Name

Number of records used in: 2

001 - CONTROL NUMBER

  • control field: 4818

003 - CONTROL NUMBER IDENTIFIER

  • control field: NUST

005 - DATE AND TIME OF LATEST TRANSACTION

  • control field: 20170922111115.0

008 - FIXED-LENGTH DATA ELEMENTS

  • fixed length control field: 170922|| aca||aabn | a|a d

040 ## - CATALOGING SOURCE

  • Original cataloging agency: NUST
  • Transcribing agency: NUST

100 ## - HEADING--PERSONAL NAME

  • Personal name: Ibrahim, Afshan, Shabbir,Ahmar, Taqdees,Aniqa, Sohail,Fatima Raza,Nabeel, Ali,Sajid, Khalid,Jawad & Umer,Zainab

670 ## - SOURCE DATA FOUND

  • Source citation: Work cat.: (NUST): Ibrahim, Afshan, Shabbir,Ahmar, Taqdees,Aniqa, Sohail,Fatima Raza,Nabeel, Ali,Sajid, Khalid,Jawad & Umer,Zainab, Health sector reforms: An empirical analysis of child and maternal health program, 2017
© 2023 Central Library, National University of Sciences and Technology. All Rights Reserved.